01522nam a2200445 i 450000100060000000300080000600500170001400600190003100700150005000800410006502000270010602000180013303500230015103500240017403500250019803500210022304000310024405000210027508000100029608200160030610000290032224500950035126400450044630000410049133600310053233700330056333800430059649000160063950000220065550400290067758801270070660000400083365000160087365000170088965000310090665000330093765500270097083000170099785600620101447852FlNmELB20241216231911.0m o d | cr cnu||||||||161201s2015 ag ob 001 0 spa d a9789876914277 (e-book) z9789876913423 a(MiAaPQ)EBC4721908 a(Au-PeEL)EBL4721908 a(CaPaEBR)ebr11286072 a(OCoLC)984822215 aFINmELBbspaerdacFINmELB 4aB3998bP649 2015 a1(09)0 a199.4922231 aPineda, Víctor Manuel.13aEl temor y la esperanza :bla filosofía política de Spinoza /cVíctor Manuel Pineda. 1aBuenos Aires :bEditorial Biblos,c2015. a1 recurso en línea (228 páginas) atextobtxt2rdacontent/spa acomputadorabc2rdamedia/spa arecurso en líneabcr2rdacarrier/spa1 aFilosofía aIncluye índice. aContiene bibliografía. aDescripción basada en recurso en línea; Título de la página del título en PDF (e-libro, visto December 1, 2016).10aSpinoza, Benedictus de,d1632-1677. 0aPhilosophy. 4aFilosofía. 0aPhilosopherszNetherlands. 4aFilósofoszPaíses bajos. 4aLibros electrónicos. 0aFilosofía.40uhttps://elibro.net/ereader/politecnicointernacional/78573